Kompetencia verzus kompetentnosť
Pojem kompetencia. Odstránenie nedostatkov pegagického pojmu kompetencia týkajúce sa spôsobilostí, zručností, schopností. Kompetencia vs. kompetentnosť. Kompetencie učiteľov. Interpretácia kompetencií a kompetentností v kompetenčných profiloch. Kľúčové kompetencie (kompetentnosti) vo vzdelávaní.
Saved in:
| Main Author: | |
|---|---|
| Other Authors: | |
| Format: | Book Chapter |
| Language: | Slovak |
| Subjects: | |
| Tags: |
No Tags, Be the first to tag this record!
|
MARC
| LEADER | 00000naa a2200000 4500 | ||
|---|---|---|---|
| 001 | 0271997 | ||
| 005 | 20240502074304.6 | ||
| 041 | 0 | |a slo | |
| 044 | |a SK | ||
| 245 | 1 | 0 | |a Kompetencia verzus kompetentnosť |c Peter Schmidt, Zuzana Schmidt |
| 520 | |a Pojem kompetencia. Odstránenie nedostatkov pegagického pojmu kompetencia týkajúce sa spôsobilostí, zručností, schopností. Kompetencia vs. kompetentnosť. Kompetencie učiteľov. Interpretácia kompetencií a kompetentností v kompetenčných profiloch. Kľúčové kompetencie (kompetentnosti) vo vzdelávaní. | ||
| 610 | 2 | 0 | |a učitelia |
| 610 | 2 | 0 | |a vzdelávanie |
| 610 | 2 | 0 | |a kompetencie |
| 610 | 2 | 0 | |a právomoc |
| 610 | 2 | 0 | |a zručnosti |
| 100 | 1 | |a Schmidt, Peter, 1968- | |
| 700 | 1 | |a Schmidt, Zuzana | |